000 00916nam a2200277 i 4500
003 DO-SdBNP
005 20240509110209.0
006 a||||dr|||| 00| 0
007 ta
008 240506t2004 dr adc|| |||| 00| 0 spa d
040 _aDO-SdBNP
_bspa
_cBNPHU
_erda
082 4 _222
_bR436q, 2004
100 1 _aRestrepo Merino, Fabio
_eautor
_985385
245 1 0 _aQuímica 1:
_beducación media /
_cFabio Restrepo Merino, Jairo Restrepo Merino
246 1 1 _aQuímica uno:
_beducación media /
264 4 _aSanto Domingo :
_bSusaeta,
_c©2004
300 _a295 páginas :
_bilustraciones, gráficas, retratos ;
_c27 cm.
336 _2rdacontent
_atexto
_btxt
337 _2rdamedia
_asin mediación
_bn
338 _2rdacarrier
_avolumen
_bnc
490 _aSiglo 21
505 _aBibliografía: página 295.
590 _aInventariado 2024 / MF
700 1 _a Restrepo Merino, Jairo
_eautor
_985386
942 _2ddc
_cLBS1
999 _c56609
_d56609